000 00681nam a2200241Ia 4500
003 OSt
005 20221006165259.0
006 a|||||r|||| 00| 0
007 ta
008 221006b |||||||| |||| 00| 0 eng d
024 _a1,039
037 _cTextual
040 _aFML
_cFML
_beng
041 _2eng
_aeng
082 _aQq2:457K, J7
100 _aIndira Devi Au.
_9679474
245 0 _aKumbha
_b India's Ageless Festival
260 _aMumbai
_bBharatiya Vidya Bhawan
_c1957
300 _a204
_ccm.
700 _a Roy Dilip Kumar Au.
_9679475
942 _hQq2:457K, J7
_cTEXL
_2CC
999 _c1120266
_d1120266